[Event "Quebec op"]
[Site "Montreal"]
[Date "1983.07.24"]
[Round "1"]
[White "Levtchouk, George"]
[Black "Cuerrier, Alain"]
[Result "0-1"]
[WhiteElo "2260"]
[BlackElo "1865"]
[PlyCount "72"]
[EventDate "1983.07.24"]
[EventType "swiss"]
[EventRounds "8"]
[EventCountry "CAN"]
[SourceTitle "EXT 2002"]
[Source "ChessBase"]
[SourceDate "2001.11.25"]
[SourceVersion "1"]
[SourceVersionDate "2001.11.25"]
[SourceQuality "1"]

1. d4 d5 2. c4 e6 3. Nc3 Nf6 4. Bg5 c5 5. cxd5 cxd4 6. Qxd4 Be7 7. e4 Nc6 8. Bb5 0-0 9. Bxc6 bxc6 10. Bxf6 Bxf6 11. e5 c5 12. Qe4 exd5 13. Nxd5 Bxe5 14. 0-0-0 Re8 15. Qc4 Qg5+ 16. f4 Bxb2+ 17. Kxb2 Rb8+ 18. Ka3 Qxg2 19. Qc3 Qxh1 20. Ne7+ Kh8 21. Re1 Qb7 22. Ng6+ hxg6 23. Rxe8+ Kh7 24. Qb3 Qa6+ 25. Kb2 Rxb3+ 26. axb3 Bg4 27. h3 Qf6+ 28. Ka2 Qa6+ 29. Kb2 Qc6 30. Re1 Qg2+ 31. Ka3 Bxh3 32. Rc1 Be6 33. Rb1 Qc2 34. Rb2 Qd3 35. Ka2 Qa6+ 36. Kb1 Qf1+ 0-1